Active Pharmaceutical Ingredients : Development, Manufacturing, and Regulation : Drug and Pharmaceutical Sciences, (Record no. 74834)

MARC details
000 -LEADER
fixed length control field 00495pam a2200157 a 4500
020 ## - INTERNATIONAL STANDARD BOOK NUMBER
International Standard Book Number 9780824702939
Terms of availability
041 ## - LANGUAGE CODE
Language code of text/sound track or separate title eng
082 ## - DEWEY DECIMAL CLASSIFICATION NUMBER
Classification number 615.191
Item number NUS
100 ## - MAIN ENTRY--PERSONAL NAME
Personal name Nusim, Stanley N.
245 ## - TITLE STATEMENT
Title Active Pharmaceutical Ingredients : Development, Manufacturing, and Regulation : Drug and Pharmaceutical Sciences,
Medium Textual Documents
250 ## - EDITION STATEMENT
Edition statement 1st ed.
260 ## - PUBLICATION, DISTRIBUTION, ETC.
Place of publication, distribution, etc. London:
Name of publisher, distributor, etc. Taylor and Francis,
Date of publication, distribution, etc. 2008.
300 ## - PHYSICAL DESCRIPTION
Extent 337.
653 ## - INDEX TERM--UNCONTROLLED
Uncontrolled term Pharmaceutics(Manufacture & Preparation)
930 ## - EQUIVALENCE OR CROSS-REFERENCE-UNIFORM TITLE HEADING [LOCAL, CANADA]
Uniform title 1543
Holdings
Withdrawn status Lost status Damaged status Not for loan Collection Home library Current library Date acquired Source of acquisition Cost, normal purchase price Total Checkouts Full call number Barcode Date last seen Copy number Price effective from Koha item type
          Poona College of Pharmacy, Pune Poona College of Pharmacy, Pune 05/04/2011 Sai Book Centre 1995.00   615.191 NUS PCP-A-41 24/02/2023 1 24/02/2023 Book